Αποχαιρετισμός στον αιώνα μου
Αποθηκεύτηκε σε:
| Κύριος συγγραφέας: | |
|---|---|
| Μορφή: | Βιβλίο |
| Γλώσσα: | Greek |
| Δημοσίευση: |
Αθήνα :
Κέδρος,
c2005, 2006
|
| Έκδοση: | 1η έκδ., 3η ανατύπωση |
| Θέματα: | |
| Ετικέτες: |
Προσθήκη ετικέτας
Δεν υπάρχουν, Καταχωρήστε ετικέτα πρώτοι!
|
MARC
| LEADER | 00000nam a2200000 i 4500 | ||
|---|---|---|---|
| 001 | 1/49701 | ||
| 008 | 070731s20052006 gre d | ||
| 020 | |a 960-04-2905-7 | ||
| 035 | |l 10089259 | ||
| 040 | |a GR-MY-UA |b gre |e aacr | ||
| 041 | 0 | |a gre | |
| 082 | 0 | |a 909.82 |2 (22) | |
| 100 | 1 | |a Παππά, Έλλη. | |
| 245 | 1 | 0 | |a Αποχαιρετισμός στον αιώνα μου / |c Έλλη Παππά |
| 250 | |a 1η έκδ., 3η ανατύπωση | ||
| 260 | |a Αθήνα : |b Κέδρος, |c c2005, 2006 | ||
| 300 | |a 217 σ.; |c 21 εκ. | ||
| 650 | 0 | 0 | |a World politics |y 20th century. |
| 650 | 0 | 0 | |a History, Modern |y 20th century. |
| 852 | |a INST |b SAMOS |e 20070731 |h 909.82 ΠΑΠ |p 005300025673 |q 005300025673 |t BK |y 0 | ||
| 901 | |a BIBL3-2007-2 | ||
| 909 | |a Σ |b 136204 | ||
| 922 | |a 3ΕΛΗ |b 200707 |c ΕΠΕΑΕΚ2/ΤΜΗΜΑ ΜΑΘΗΜΑΤΙΚΩΝ |d Σ. ΠΑΤΑΚΗΣ | ||
| 970 | |a ΜΑΛΑΓΑΡΗ |b ΦΩΤΕΙΝΗ |z 2007/07/31 | ||